<?xml version="1.0" encoding="UTF-8"?>
<marc:record xmlns:marc="http://www.loc.gov/MARC21/slim">
   <marc:leader>00000nam a2200000 a 4500</marc:leader>
   <marc:datafield ind1="1" ind2=" " tag="100">
      <marc:subfield code="a">Schmöe, Friederike</marc:subfield>
      <marc:subfield code="4">edt</marc:subfield>
      <marc:subfield code="e">Bearbeiter/-in</marc:subfield>
   </marc:datafield>
   <marc:datafield ind1="1" ind2=" " tag="100">
      <marc:subfield code="a">Wind, Jennifer B.</marc:subfield>
      <marc:subfield code="4">aut</marc:subfield>
      <marc:subfield code="e">Verfasser/-in</marc:subfield>
   </marc:datafield>
   <marc:datafield ind1="1" ind2=" " tag="100">
      <marc:subfield code="a">Morf, Isabel</marc:subfield>
      <marc:subfield code="4">aut</marc:subfield>
      <marc:subfield code="e">Verfasser/-in</marc:subfield>
   </marc:datafield>
   <marc:datafield ind1="1" ind2=" " tag="100">
      <marc:subfield code="a">Danz, Ella</marc:subfield>
      <marc:subfield code="4">aut</marc:subfield>
      <marc:subfield code="e">Verfasser/-in</marc:subfield>
   </marc:datafield>
   <marc:datafield ind1="0" ind2="0" tag="245">
      <marc:subfield code="a">Von Zimtsternen und Zimtzicken</marc:subfield>
   </marc:datafield>
   <marc:datafield ind1="0" ind2="0" tag="245">
      <marc:subfield code="b">ein kriminelles Weihnachtsmenü</marc:subfield>
   </marc:datafield>
   <marc:datafield ind1=" " ind2="1" tag="264">
      <marc:subfield code="a">Meßkirch</marc:subfield>
      <marc:subfield code="b">Gmeiner-Verlag GmbH</marc:subfield>
      <marc:subfield code="c">2016</marc:subfield>
   </marc:datafield>
   <marc:datafield ind1="1" ind2=" " tag="520">
      <marc:subfield code="a">Angaben aus der Verlagsmeldung

Von Zimtsternen und Zimtzicken : Vier todbringende Storys zum Genießen / von Friederike Schmöe, Jennifer B. Wind, Isabel Morf, Ella Danz

Bösewichte aller Art, aber auch die lieben Mitmenschen machen den Hauptfiguren dieser vier schlimmen Geschichten den Advent madig: In Franken, Brandenburg, Zürich und Wien wird der vergnügliche Horror angerührt, das wohlige Gruseln zelebriert. Viermal Crimetime vom Feinsten, garniert mit wohlschmeckenden kulinarischen Highlights, verspricht köstliches Genießervergnügen! Und wer die Planung des Weihnachtsmenüs über der spannenden Krimilektüre verpasst, kann sich an unseren Rezepten schadlos halten.
</marc:subfield>
   </marc:datafield>
   <marc:datafield ind1=" " ind2=" " tag="020">
      <marc:subfield code="a">9783839219553</marc:subfield>
      <marc:subfield code="9">9783839219553</marc:subfield>
   </marc:datafield>
</marc:record>
